| 000 | 00606nam a2200241 a 4500 | ||
|---|---|---|---|
| 001 | 0001-1097 | ||
| 003 | ELIB.Books | ||
| 008 | 150116 2010 eng | ||
| 020 | _a0310485118 | ||
| 035 | _a(ELIB.Books)0001-1252 | ||
| 092 |
_a248 _bStr |
||
| 100 | _aStrobel, Lee. | ||
| 245 | _aWhat Jesus Would Say | ||
| 260 |
_aGrand Rapids _bZondervan Publishing House _c1994 |
||
| 300 |
_a172 _c20 Cm |
||
| 500 | _aC/o Moe Lwai | ||
| 650 | _aChristian Life | ||
| 856 |
_nKBTS; Library _uKBTS; Elib. |
||
| 942 |
_2ddc _cBK |
||
| 990 | _a1 | ||
| 998 |
_cbat _e2015-01-16 |
||
| 999 |
_c11097 _d11097 |
||